000 00456 a2200169 4500
999 _c3813
_d3813
020 _a9780956240149
050 0 0 _aPZ 4 GOM 2000
100 1 _aGomo, Mashingaidze.
245 1 2 _aA fine madness /
264 _aUnited Kingdom:
_bAyebia Clarke,
_c2010
300 _axiv, 174 p. ;
500 _aIncludes a table of contents
650 _aZimbabwe
700 0 _d1938-
942 _2lcc
_cBK
_h4
_iGOM
_kPZ